The perks of being a wallflower / (Record no. 6001)

MARC details
000 -LEADER
fixed length control field 01280cam a2200301 a 4500
001 - CONTROL NUMBER
control field 6001
003 - CONTROL NUMBER IDENTIFIER
control field FISKH
005 - DATE AND TIME OF LATEST TRANSACTION
control field 20250310162054.0
008 - FIXED-LENGTH DATA ELEMENTS--GENERAL INFORMATION
fixed length control field 990218s1999 nyu 000 1 eng d
010 ## - LIBRARY OF CONGRESS CONTROL NUMBER
LC control number 99236288
020 ## - INTERNATIONAL STANDARD BOOK NUMBER
International Standard Book Number 0671027344
020 ## - INTERNATIONAL STANDARD BOOK NUMBER
International Standard Book Number 9781471116148
Terms of availability $15.00
040 ## - CATALOGING SOURCE
Original cataloging agency NBPu
Transcribing agency NBPu
Modifying agency CoD
-- DLC
Language of cataloging eng
042 ## - AUTHENTICATION CODE
Authentication code lccopycat
050 ## - LIBRARY OF CONGRESS CALL NUMBER
Classification number PN1997 .P466
082 ## - DEWEY DECIMAL CLASSIFICATION NUMBER
Classification number 791.43
100 1# - MAIN ENTRY--PERSONAL NAME
Personal name Chbosky, Stephen.
245 14 - TITLE STATEMENT
Title The perks of being a wallflower /
Statement of responsibility, etc. Stephen Chbosky.
260 ## - PUBLICATION, DISTRIBUTION, ETC.
Place of publication, distribution, etc. Sydney :
Name of publisher, distributor, etc. Simon & Schuster,
Date of publication, distribution, etc. 1999.
300 ## - PHYSICAL DESCRIPTION
Extent 231 pages :
Dimensions 20 cm
520 ## - SUMMARY, ETC.
Summary, etc. Based on the wildly popular novel by Stephen Chbosky about a freshman named Charlie who is always watching from the sidelines until a pair of charismatic seniors takes him under their wing. Beautiful, free-spirited Sam and her fearless stepbrother Patrick shepherd Charlie through new friendships, first love, burgeoning sexuality, bacchanalian parties, midnight screenings of The Rocky Horror Picture Show and the quest for the perfect song.
650 ## - SUBJECT ADDED ENTRY--TOPICAL TERM
Topical term or geographic name entry element Wallflower
650 ## - SUBJECT ADDED ENTRY--TOPICAL TERM
Source of heading or term Personal & Social Issues
Form subdivision Self-awareness
General subdivision Self-esteem
655 #7 - INDEX TERM--GENRE/FORM
Genre/form data or focus term Epistolary fiction.
Source of term gsafd
906 ## - LOCAL DATA ELEMENT F, LDF (RLIN)
a 7
b cbc
c copycat
d 3
e ncip
f 19
g y-gencatlg
942 ## - ADDED ENTRY ELEMENTS (KOHA)
Source of classification or shelving scheme Dewey Decimal Classification
Koha item type Books
Suppress in OPAC No
Holdings
Withdrawn status Lost status Source of classification or shelving scheme Damaged status Not for loan Collection Home library Current library Shelving location Date acquired Total Checkouts Full call number Barcode Date last seen Date last checked out Copy number Price effective from Koha item type Date due
    Dewey Decimal Classification     Fiction Footprints International School Library Network Toul Kork Campus Footprints International School Library Network Toul Kork Campus A TK Campus, 4th Floor, Room B401, Fiction Bookcases (1-6) 02/19/2025 2 CHB 791.43 PN1997 .P46 2025-0626 04/20/2026 01/27/2026 1 02/19/2025 Books  
    Dewey Decimal Classification     Fiction Footprints International School Library Network Toul Tom Poung Campus Footprints International School Library Network Toul Tom Poung Campus TTP Secondary Fiction Bookshelves 02/19/2025 6 CHB 791.43 PN1997 .P46 2025-0627 03/09/2026 03/09/2026 2 02/19/2025 Books 03/23/2026